Estatísticas para Ciências 8

Clique aqui para jogar o quiz

Estatísticas Gerais

  • Esse quiz foi jogado 7 vezes
  • A pontuação média é 3 de 17

Estatísticas das Respostas

HintResposta% Correto
Que nome damos à camada espessa e profunda da pele, rica em vasos sanguíneos e glândulas sudoríparas?Derme
71%
Que nome damos à camada fina e superficial da pele?Epiderme
71%
Que nome damos ao pigmento que dá a cor verde à planta e tem como função captar a energia solar para a realização do processo de fotossíntese?Clorofila
57%
Que nome damos à função dos seres vivos que permite dar origem a outros seres da mesma espécie?Reprodução
57%
Que nome damos à transformação de matéria mineral em matéria elaborada, com a ajuda da energia solar?Fotossíntese
14%
Que nome damos ao transporte do grão de polén desde a antera até ao estigma de uma flor?Polonização
14%
Por que parte do nosso corpo é expulso o suor?Poros
14%
Através de que se reproduzem as plantas?Sementes
14%
Que nome damos à parte interna de uma flor?Amêndoa
0%
Que nome damos ao conjunto de estames de uma flor?Androceu
0%
Que nome damos aos constituintes das células vegetais onde ocorre a realização da fotossíntese, e onde se encontra a clorofila?Cloroplasto
0%
Que nome damos às substâncias nutritivas que permitirão à nova planta se desenvolver até começar a fazer o processo de fotossíntese?Cotilédones
0%
Que nome damos à polonização se os grãos de polén de uma flor caem sobre o estigma de uma flor de outra planta?Cruzada
0%
Que nome damos à polonização se os grãos de polén de uma flor caem sobre o estigma da mesma flor ou da mesma planta?Direta
0%
Que nome damos ao transporte das sementes até ao local onde vão germinar?Disseminação
0%
Que nome damos ao conjunto de carpelos de uma flor?Gineceu
0%
Que nome damos à película exterior de uma flor?Tegumento
0%

Distribuição das Pontuações

Percentil de Números Respondidos

Porcentagem de Pessoas com Cada Pontuação

Sua Pontuação Histórica

Você não jogou esse quiz